Most Streamed Miley Cyrus Songs - Statistics

General Stats
  • This quiz has been taken 31 times
  • The average score is 8 of 15
Answer Stats
Streams Song % Correct
2,268,984,867 Flowers
96%
1,731,667,247 Party In The U.S.A.
96%
991,972,184 Wrecking Ball
96%
677,335,450 The Climb
79%
1,013,362,602 We Can't Stop
64%
1,036,764,442 Angels Like You
57%
647,981,004 Midnight Sky
57%
822,988,869 Prisoner (feat. Dua Lipa)
54%
833,886,947 Malibu
46%
1,013,283,910 Nothing Breaks Like a Heart (with Mark Ronson)
46%
364,626,891 Adore You
32%
353,831,054 23
29%
489,488,266 When I Look At You
29%
359,647,969 Slide Away
25%
384,657,738 Don't Call Me Angel (with Ariana Grande and Lana del Rey)
14%
No matching quizzes found
Score Distribution
Percent of People with Each Score
Percentile by Number Answered
Your Score History
You have not taken this quiz